The function of ornament / (Record no. 29145)
[ view plain ]
| 000 -LEADER | |
|---|---|
| fixed length control field | 01445nam a2200385Ma 4500 |
| 001 - CONTROL NUMBER | |
| control field | ocm82438674 |
| 003 - CONTROL NUMBER IDENTIFIER | |
| control field | EG-ScBUE |
| 005 - DATE AND TIME OF LATEST TRANSACTION | |
| control field | 20210601102405.0 |
| 008 - FIXED-LENGTH DATA ELEMENTS--GENERAL INFORMATION | |
| fixed length control field | 070122s2008 sp a f b 000 0 eng d |
| 020 ## - INTERNATIONAL STANDARD BOOK NUMBER | |
| International Standard Book Number | 8496540502 |
| 020 ## - INTERNATIONAL STANDARD BOOK NUMBER | |
| International Standard Book Number | 9788496540507 |
| 029 1# - (OCLC) | |
| OCLC library identifier | YDXCP |
| System control number | 2522898 |
| 035 ## - SYSTEM CONTROL NUMBER | |
| System control number | (OCoLC)ocm82438674 |
| 040 ## - CATALOGING SOURCE | |
| Original cataloging agency | HLS |
| Language of cataloging | eng |
| Description conventions | rda |
| Transcribing agency | HLS |
| Modifying agency | BAKER |
| -- | YDXCP |
| -- | EG-ScBUE |
| 082 04 - DEWEY DECIMAL CLASSIFICATION NUMBER | |
| Classification number | 729.5 |
| Item number | FUN |
| Edition number | 22 |
| 245 04 - TITLE STATEMENT | |
| Title | The function of ornament / |
| Statement of responsibility, etc | edited by Farshid Moussavi and Michael Kubo ; with drawings by J. Seth Hoffman [and three others] |
| 264 #1 - PUBLICATION, DISTRIBUTION, ETC. (IMPRINT) | |
| Place of publication, distribution, etc | Barcelona : |
| Name of publisher, distributor, etc | Actor, |
| Date of publication, distribution, etc | 2008. |
| 300 ## - PHYSICAL DESCRIPTION | |
| Extent | 189 pages : |
| Other physical details | chiefly illustrations ; |
| Dimensions | 23 cm |
| 336 ## - CONTENT TYPE | |
| Source | rdacontent |
| Content type term | text |
| Content type code | txt |
| 337 ## - MEDIA TYPE | |
| Source | rdamedia |
| Media type term | unmediated |
| Media type code | n |
| 338 ## - CARRIER TYPE | |
| Source | rdacarrier |
| Carrier type term | volume |
| Carrier type code | nc |
| 500 ## - GENERAL NOTE | |
| General note | "The drawings of in this book are entirely the work and interpretation of students at the Harvard University Graduate School of Design."--colophon. |
| 504 ## - BIBLIOGRAPHY, ETC. NOTE | |
| Bibliography, etc | Includes bibliographical references. |
| 650 #7 - SUBJECT ADDED ENTRY--TOPICAL TERM | |
| Topical term or geographic name as entry element | Decoration and ornament, Architectural. |
| Source of heading or term | BUEsh |
| 650 #7 - SUBJECT ADDED ENTRY--TOPICAL TERM | |
| Topical term or geographic name as entry element | Architectural design. |
| Source of heading or term | BUEsh |
| 650 #7 - SUBJECT ADDED ENTRY--TOPICAL TERM | |
| Topical term or geographic name as entry element | Architecture, Modern |
| General subdivision | Details. |
| Source of heading or term | BUEsh |
| 650 #7 - SUBJECT ADDED ENTRY--TOPICAL TERM | |
| Topical term or geographic name as entry element | Building |
| General subdivision | Details. |
| Source of heading or term | BUEsh |
| 650 #7 - SUBJECT ADDED ENTRY--TOPICAL TERM | |
| Topical term or geographic name as entry element | Curtain walls. |
| Source of heading or term | BUEsh |
| 653 ## - INDEX TERM--UNCONTROLLED | |
| Resource For college | Engineering, Architecture |
| Arrived date list | June2021 |
| 655 ## - INDEX TERM--GENRE/FORM | |
| Form subdivision | Reading book |
| 9 (RLIN) | 34232 |
| 700 1# - ADDED ENTRY--PERSONAL NAME | |
| Personal name | Moussavi, Farshid, |
| Relator term | editor. |
| 9 (RLIN) | 21456 |
| 700 1# - ADDED ENTRY--PERSONAL NAME | |
| Personal name | Kubo, Michael, |
| Relator term | editor. |
| 700 1# - ADDED ENTRY--PERSONAL NAME | |
| Personal name | Hoffman, J. Seth, |
| Relator term | designer. |
| 942 ## - ADDED ENTRY ELEMENTS (KOHA) | |
| Source of classification or shelving scheme | Dewey Decimal Classification |
| Koha item type | Book - Borrowing |
No items available.